000 00899cab a2200289 4500
001 WB3111-22
008 090401t1995 xxu||||| |||| 00| 0 eng d
035 _a(Sirsi) u29196
041 _aeng
245 _aVillage bridleways
260 _c1995
350 _a0
490 _aDaily Telegraph
_v13 March 1995, 34
520 _aA case in Cambridgeshire, of villagers challenging a decision by the county council to redesignate an ancient bridleway as a byway for traffic, could set a precedent for opposing this process in other villages.
650 _aACCESS
650 _aBRIDLEWAYS
650 _aBYWAYS
650 _aCAMBRIDGESHIRE CC
650 _aDENTON
650 _aFOOTPATHS
650 _aGREEN TRACKS
650 _aOFF-ROAD TRAFFIC
650 _aWILDLIFE AND COUNTRYSIDE ACT 1981
690 _aHIGHWAYS RIGHTS OF WAY AND EASEMENTS
942 _n0
948 _c04/03/1997
999 _c19657
_d19657